000 01178nam a22003257a 4500
001 0026046
003 KOHA_MİRAKIL
005 20260207002517.0
007 ta
008 101213b2010 tu |||grd|||#0|||1| |
020 _a9789758176830
040 _aTR-BiSEU
_btur
_cTR-BiSEU
_erda
044 _ctu
050 _aPL191
_b.R43 2010
240 1 0 _aThe larger Redhouse portable dictionary : English-Turkish, Turkish-English
_l
245 0 _aRedhouse büyük elsözlüğü :
_bİngilizce-Türkçe, Türkçe-İngilizce =
_bThe larger Redhouse portable dictionary :
_bEnglish-Turkish, Turkish-English.
264 1 _aİstanbul :
_bSEV
_c2010
300 _a XXII, 856 sayfa; 20 cm.
336 _ametin
_btxt
_2rdacontent
337 _aaracısız
_bn
_2rdamedia
338 _acilt
_bnc
_2rdacarrier
650 0 _aSözlükler, Birçok dilde.
_951956
650 0 _aDictionaries, Polyglot.
_927610
650 0 _aTurkish language--Dictionaries--English.
_93196
650 0 _aEnglish language--Dictionaries--Turkish.
_93195
650 0 _aTürk dili--Sözlükler--İngilizce.
_91708
650 0 _aİngiliz dili--Sözlükler--Türkçe.
_93194
907 _aSözlük
942 _2lcc
_cBK
999 _c25992
_d25992